| 000 | 00764cab a2200265 4500 | ||
|---|---|---|---|
| 001 | A236 | ||
| 008 | 090401t1983 xxu||||| |||| 00| 0 eng d | ||
| 035 | _a(Sirsi) u27986 | ||
| 041 | _aeng | ||
| 100 | _aLeach, W. A. | ||
| 245 | _aPointe Gourde, rule 3 and section 6 | ||
| 260 | _c1983 | ||
| 350 | _a0 | ||
| 490 |
_aJournal of Valuation _v1(4) 1983, 386-391(6) |
||
| 650 | _aCOMPENSATION | ||
| 650 |
_aCompulsory purchase _96228 |
||
| 650 | _aDISREGARDS | ||
| 650 | _aLAND COMPENSATION ACT 1961 S5-RULE-3 | ||
| 650 | _aPOINTE GOURDE QUARRYING AND TRANSPORT CO LTD V CROWN LANDS SUPERINTENDENT | ||
| 650 |
_aValuation _96273 |
||
| 690 | _aCOMPULSORY PURCHASE AND COMPENSATION | ||
| 690 | _aRATING AND VALUATION | ||
| 942 | _n0 | ||
| 948 | _c04/03/1997 | ||
| 999 |
_c18873 _d18873 |
||